Normal view
MARC view
- SELF-HELP / Personal Growth / General
Entry Topical Term
001 - CONTROL NUMBER
- control field: 120674
003 - CONTROL NUMBER IDENTIFIER
- control field: NUST
005 - DATE AND TIME OF LATEST TRANSACTION
- control field: 20240217170804.0
008 - FIXED-LENGTH DATA ELEMENTS
- fixed length control field: 240217|| aca||aabn | a|a d
040 ## - CATALOGING SOURCE
- Original cataloging agency: NUST
- Transcribing agency: NUST
150 ## - HEADING--TOPICAL TERM
- Topical term or geographic name entry element: SELF-HELP / Personal Growth / General
670 ## - SOURCE DATA FOUND
- Source citation: Work cat.: (NUST)0: Carnegie, Dale, 1888-1955, author. 85974, The art of public speaking : the original tool for improving public oration/, 2018.
